ბათუმის შოთა რუსთაველის სახელმწიფო უნივერსიტეტის ბიბლიოთეკა

შეფოთლილი ხეივანი (ბიბ.ჩანაწერი № 42603)

000 -LEADER
fixed length control field 00679nam a2200229Ia 4500
001 - CONTROL NUMBER
control field 9306
003 - CONTROL NUMBER IDENTIFIER
control field GE_BSU
008 - FIXED-LENGTH DATA ELEMENTS--GENERAL INFORMATION
fixed length control field 181216s||||||||xx |||||||||||||| ||und||
040 ## - CATALOGING SOURCE
Transcribing agency GE_BSU
080 ## - UNIVERSAL DECIMAL CLASSIFICATION NUMBER
Universal Decimal Classification number 821.353.1–1
100 ## - MAIN ENTRY--PERSONAL NAME
Personal name კაჭახიძე,გიორგი
245 ## - TITLE STATEMENT
Title შეფოთლილი ხეივანი
245 ## - TITLE STATEMENT
Remainder of title ლექსები
245 ## - TITLE STATEMENT
Statement of responsibility, etc. რედ.ა.სულავა
260 ## - PUBLICATION, DISTRIBUTION, ETC.
Place of publication, distribution, etc. თბილისი
260 ## - PUBLICATION, DISTRIBUTION, ETC.
Name of publisher, distributor, etc. სახელგამი
260 ## - PUBLICATION, DISTRIBUTION, ETC.
Date of publication, distribution, etc. 1937
300 ## - PHYSICAL DESCRIPTION
Extent 140გვ.ილ.17სმ.
653 ## - INDEX TERM--UNCONTROLLED
Uncontrolled term ლექსები
653 ## - INDEX TERM--UNCONTROLLED
Uncontrolled term შეფოთლილი ხეივანი
942 ## - ADDED ENTRY ELEMENTS (KOHA)
Koha item type წიგნი
ეგზემპლარები
Withdrawn status Lost status Damaged status Not for loan Date acquired Barcode Date last seen Price effective from Koha item type
        2018-12-17 32155 2018-12-17 2018-12-17 წიგნი
        2018-12-17 32156 2018-12-17 2018-12-17 წიგნი
        2018-12-17 32157 2018-12-17 2018-12-17 წიგნი
        2018-12-17 32158 2018-12-17 2018-12-17 წიგნი
        2018-12-17 32159 2018-12-17 2018-12-17 წიგნი
        2018-12-17 32160 2018-12-17 2018-12-17 წიგნი
        2018-12-17 32161 2018-12-17 2018-12-17 წიგნი
        2018-12-17 32162 2018-12-17 2018-12-17 წიგნი